000 00627nam a2200229Ia 4500
003 OSt
005 20220923230334.0
006 a|||||r|||| 00| 0
007 ta
008 Pun
024 _a279,569
037 _cTextual
040 _aARTS
_cARTS
_bPun
041 _2Pun
_aPun
082 _aO153,1NVI1x, M2
100 _aਵਿਰਕ, ਹਰਚਰਨ ਸਿੰਘ
_9156315
245 0 _aਰੋਹ ਦਾ ਤੂਖ਼ਾਨ
260 _c1982
650 _aਪੰਜਾਬੀ ਸਾਹਿਤ
942 _hO153,1NVI1x, M2
_cTEXL
_2CC
999 _c384072
_d384072